00365nam a2200121Ia 4500008004100000100001700041245012200058260001200180260001100192260000900203300000700212650002400219160117s9999 xx 000 0 und d aPeris,T.A.N. aSpectroscopic Studies of the Interaction between 4-Phenyl - 1 - (2 - phenylalallyl) pyridinium bromide with Ibuprofen aColombo bIchemc c2009 a32 aSpectroscopic Study